| 000 | 00834nam a22002057a 4500 | ||
|---|---|---|---|
| 005 | 20250522124305.0 | ||
| 010 | _aHIN-129753 | ||
| 020 |
_c450.00 _a9788176674416 |
||
| 035 | _aHN-102099 | ||
| 037 | _bDBAD | ||
| 082 | _a820.08 | ||
| 100 |
_aपाण्डेय,प्रसाद राजेन्द्र _981313 |
||
| 245 |
_aसाहित्य का आभामंडल / _cराजेन्द्र प्रसाद पाण्डेय |
||
| 250 | _aप्रथम | ||
| 260 |
_aपुणे _bभावना प्रकाशन _c2022 |
||
| 270 |
_a109-ए ,पटपड़गंज गांव _bदिल्ली _k8800139684 _k9312869947 |
||
| 300 |
_a176 पृ. _c22सेमी. (अजिल्द) |
||
| 700 | _972903 | ||
| 942 |
_2ddc _cHN _h820.08 _mपाण्डेय |
||
| 999 |
_c211370 _d211370 |
||